[Event "GRE-chT 46th"]
[Site "Rio Achaia"]
[Date "2018.07.12"]
[Round "4.11"]
[White "Michaelides, Konstantinos"]
[Black "Tsiros, Fragkiskos Vlasios"]
[Result "1/2-1/2"]
[WhiteElo "2282"]
[BlackElo "2181"]
[PlyCount "85"]
[EventDate "2018.07.10"]
[EventType "team"]
[EventRounds "7"]
[EventCountry "GRE"]
[SourceTitle "CBM 185 Extra"]
[Source "ChessBase"]
[SourceDate "2018.07.29"]
[SourceVersion "1"]
[SourceVersionDate "2018.07.29"]
[SourceQuality "1"]
[WhiteTeam "Sea of Corinth Argonaut"]
[BlackTeam "Papagou AS"]
[WhiteTeamCountry "GRE"]
[BlackTeamCountry "GRE"]

1. d4 d6 2. c4 e5 3. Nc3 exd4 4. Qxd4 Nc6 5. Qd2 Nf6 6. Nf3 g6 7. b3 Bg7 8. Bb2 0-0 9. e3 a5 10. Be2 Bf5 11. 0-0 Ne4 12. Nxe4 Bxb2 13. Qxb2 Bxe4 14. Nd2 Bf5 15. Rad1 Qe7 16. Bf3 Bd3 17. Rfe1 Nb4 18. Be2 Qe5 19. Qxe5 dxe5 20. Bxd3 Nxd3 21. Re2 Rfd8 22. Ne4 f5 23. Nc3 Nc5 24. Red2 Rxd2 25. Rxd2 c6 26. Kf1 Kf7 27. Ke2 Ke6 28. Kd1 Rb8 29. f3 g5 30. Kc2 b5 31. cxb5 cxb5 32. Kb2 b4 33. Nd1 e4 34. Nf2 Ke5 35. Rc2 Rb5 36. Rc4 g4 37. fxg4 f4 38. exf4+ Kxf4 39. Kc2 Ke3 40. Nd1+ Kf4 41. Nf2 Ke3 42. Nd1+ Kf4 43. Nf2 1/2-1/2

[Event "GRE-chT 46th"]
[Site "Rio Achaia"]
[Date "2018.07.10"]
[Round "1.5"]
[White "Tsiros, Fragkiskos Vlasios"]
[Black "Ladopoulos, Dimitrios"]
[Result "0-1"]
[WhiteElo "2181"]
[BlackElo "2183"]
[PlyCount "111"]
[EventDate "2018.07.10"]
[EventType "team"]
[EventRounds "7"]
[EventCountry "GRE"]
[SourceTitle "CBM 185 Extra"]
[Source "ChessBase"]
[SourceDate "2018.07.29"]
[SourceVersion "1"]
[SourceVersionDate "2018.07.29"]
[SourceQuality "1"]
[WhiteTeam "Papagou AS"]
[BlackTeam "Heraklion"]
[WhiteTeamCountry "GRE"]
[BlackTeamCountry "GRE"]

1. e4 d6 2. d4 Nf6 3. Nc3 c6 4. Nf3 Bg4 5. Be2 Nbd7 6. 0-0 e5 7. Be3 b5 8. a3 a6 9. Nh4 Bxe2 10. Qxe2 g6 11. f4 exf4 12. Bxf4 Nh5 13. Nf5 Nxf4 14. Rxf4 Qb6 15. Re1 0-0-0 16. Ng3 Qxd4+ 17. Kh1 Ne5 18. a4 Bh6 19. Rff1 Qd2 20. axb5 Qxe2 21. Ncxe2 axb5 22. Nd4 Rhe8 23. Ra1 Kb7 24. Nf3 Rd7 25. b3 Bf4 26. Ne2 Be3 27. Nxe5 Rxe5 28. Ng3 Rde7 29. Rf3 Bg5 30. Rd1 Kc7 31. Rfd3 R7e6 32. Ra1 Re7 33. Ra7+ Kb6 34. Rxe7 Bxe7 35. Rf3 f6 36. h4 Rc5 37. c3 d5 38. exd5 Rxd5 39. h5 Bd6 40. hxg6 hxg6 41. Kg1 f5 42. Ne2 Bc5+ 43. Kh2 Rd2 44. Ng3 Bd6 45. Kh3 Rc2 46. Nf1 Be5 47. c4 bxc4 48. bxc4 Rxc4 49. Ne3 Rc3 50. Kh4 Bd4 51. Nf1 Rxf3 52. gxf3 Bf6+ 53. Kg3 Kc5 54. Kf4 Kd4 55. Nd2 c5 56. Nb3+ 0-1

[Event "GRE-chT 45th"]
[Site "Achaia"]
[Date "2017.07.07"]
[Round "6.13"]
[White "Tsiros, Fragkiskos Vlasios"]
[Black "Kalogeris, Ioannis"]
[Result "0-1"]
[WhiteElo "2086"]
[BlackElo "2295"]
[PlyCount "66"]
[EventDate "2017.07.03"]
[EventType "team-swiss"]
[EventRounds "7"]
[EventCountry "GRE"]
[SourceTitle "CBM 179 Extra"]
[Source "ChessBase"]
[SourceDate "2017.08.23"]
[SourceVersion "1"]
[SourceVersionDate "2017.08.23"]
[SourceQuality "1"]
[WhiteTeam "Papagou BC"]
[BlackTeam "Chania Kydon AO"]
[WhiteTeamCountry "GRE"]
[BlackTeamCountry "GRE"]

1. e4 c5 2. Nf3 Nc6 3. Bb5 g6 4. 0-0 Bg7 5. Re1 e5 6. Nc3 Nge7 7. Nd5 0-0 8. c3 a6 9. Bc4 b5 10. Nxe7+ Nxe7 11. Bf1 d5 12. a4 dxe4 13. Ng5 Rb8 14. axb5 axb5 15. Nxe4 Qc7 16. d4 exd4 17. cxd4 cxd4 18. Bg5 Nd5 19. Qd2 Bf5 20. Rac1 Qb6 21. Ng3 Bd7 22. Bh6 Bxh6 23. Qxh6 f5 24. Rcd1 f4 25. Ne4 Bf5 26. Ng5 Rb7 27. Re5 Qd6 28. Ree1 Nf6 29. Nf3 d3 30. Bxd3 Bxd3 31. Ne5 Re7 32. Qxf4 Nd7 33. Rxd3 Rxf4 0-1

[Event "GRE-ch U18"]
[Site "Achaia"]
[Date "2017.06.30"]
[Round "5"]
[White "Tsiros, Fragkiskos Vlasios"]
[Black "Kouskoutis, Georgios Alexandros"]
[Result "1/2-1/2"]
[WhiteElo "2163"]
[BlackElo "2242"]
[PlyCount "42"]
[EventDate "2017.06.26"]
[EventType "swiss"]
[EventRounds "7"]
[EventCountry "GRE"]
[SourceTitle "CBM 179 Extra"]
[Source "ChessBase"]
[SourceDate "2017.08.23"]
[SourceVersion "1"]
[SourceVersionDate "2017.08.23"]
[SourceQuality "1"]

1. e4 c5 2. Nf3 d6 3. d4 cxd4 4. Nxd4 Nf6 5. Nc3 g6 6. g3 Bg7 7. Bg2 0-0 8. 0-0 a6 9. a4 Bd7 10. h3 Nc6 11. Nde2 Rb8 12. Nd5 Nxd5 13. exd5 Ne5 14. Nd4 Qc8 15. Kh2 Qc5 16. c3 b5 17. axb5 Bxb5 18. Nxb5 Qxb5 19. Re1 Nd3 20. Re2 Nxc1 21. Rxc1 Bf6 1/2-1/2

[Event "GRE-ch U18"]
[Site "Achaia"]
[Date "2017.06.29"]
[Round "4"]
[White "Tsiros, Fragkiskos Vlasios"]
[Black "Drakoulakos, Grigorios"]
[Result "0-1"]
[WhiteElo "2163"]
[BlackElo "2226"]
[PlyCount "86"]
[EventDate "2017.06.26"]
[EventType "swiss"]
[EventRounds "7"]
[EventCountry "GRE"]
[SourceTitle "CBM 179 Extra"]
[Source "ChessBase"]
[SourceDate "2017.08.23"]
[SourceVersion "1"]
[SourceVersionDate "2017.08.23"]
[SourceQuality "1"]

1. e4 c5 2. Nc3 Nc6 3. Nge2 Nf6 4. g3 g6 5. d4 cxd4 6. Nxd4 d6 7. Bg2 Bd7 8. 0-0 Bg7 9. Nde2 0-0 10. h3 a6 11. a4 Rc8 12. Be3 Qc7 13. Rc1 Na5 14. b3 b5 15. axb5 axb5 16. Qd2 b4 17. Na2 Bc6 18. f3 d5 19. e5 Qxe5 20. Bf4 Qf5 21. g4 Qd7 22. Nxb4 Bb5 23. Nd3 Bxd3 24. Qxd3 Nc6 25. Rfd1 e5 26. Bg5 d4 27. c3 Nd5 28. Kh1 Qe6 29. b4 e4 30. Qxe4 Qxe4 31. fxe4 Nxc3 32. Nxc3 dxc3 33. b5 Nd4 34. Be3 Nxb5 35. Bf1 Na3 36. Rd5 c2 37. e5 Rfd8 38. Ra5 Rc3 39. Bc5 Bh6 40. Bxa3 Bxc1 41. Bxc1 Rd1 42. Ra8+ Kg7 43. Bg5 Rxf1+ 0-1

[Event "EU-ch U16 25th"]
[Site "Porec"]
[Date "2015.09.28"]
[Round "7"]
[White "Tsiros, Fragkiskos Vlasios"]
[Black "Ozer, Omer Faruk"]
[Result "1/2-1/2"]
[WhiteElo "2249"]
[BlackElo "2109"]
[PlyCount "87"]
[EventDate "2015.09.21"]
[EventType "swiss"]
[EventRounds "9"]
[EventCountry "CRO"]
[SourceTitle "EXT 2016"]
[Source "ChessBase"]
[SourceDate "2015.10.08"]
[SourceVersion "1"]
[SourceVersionDate "2015.10.08"]
[SourceQuality "1"]

1. e4 c5 2. Nf3 e6 3. d4 cxd4 4. Nxd4 Nf6 5. Nc3 Nc6 6. Ndb5 Bb4 7. a3 Bxc3+ 8. Nxc3 d5 9. exd5 exd5 10. Bd3 0-0 11. 0-0 d4 12. Ne2 Bg4 13. Bg5 Re8 14. Re1 h6 15. Bh4 g5 16. Bg3 Qb6 17. f3 Bh5 18. Qd2 Rad8 19. b4 Bg6 20. Bf2 Bxd3 21. Qxd3 Re5 22. Ng3 Qb5 23. Rxe5 Qxd3 24. Rxg5+ hxg5 25. cxd3 a6 26. Nf5 Kh7 27. Re1 Rd7 28. g4 Nd5 29. Bg3 Nc3 30. h4 gxh4 31. Bxh4 Nb5 32. Ng3 Rd6 33. Ne4 Rh6 34. Bg5 Rg6 35. Bf6 Nxa3 36. g5 Rg8 37. Kg2 Rg7 38. Ng3 Nc2 39. Rh1+ Kg8 40. Bxg7 Kxg7 41. f4 N2xb4 42. f5 Nxd3 43. Nh5+ Kf8 44. Kg3 1/2-1/2

[Event "EU-ch U16 25th"]
[Site "Porec"]
[Date "2015.09.27"]
[Round "6"]
[White "Dolana, Andrei Theodor"]
[Black "Tsiros, Fragkiskos Vlasios"]
[Result "1-0"]
[WhiteElo "2332"]
[BlackElo "2249"]
[PlyCount "65"]
[EventDate "2015.09.21"]
[EventType "swiss"]
[EventRounds "9"]
[EventCountry "CRO"]
[SourceTitle "EXT 2016"]
[Source "ChessBase"]
[SourceDate "2015.10.08"]
[SourceVersion "1"]
[SourceVersionDate "2015.10.08"]
[SourceQuality "1"]

1. d4 d6 2. e4 Nf6 3. Nc3 g6 4. f4 Bg7 5. Nf3 c5 6. d5 0-0 7. Bd3 b5 8. Nxb5 c4 9. Bxc4 Nxe4 10. Qe2 a6 11. Nbd4 Qc7 12. 0-0 Bb7 13. Bd3 Nc5 14. c4 Nxd3 15. Qxd3 Nd7 16. Be3 Nc5 17. Qc2 e5 18. dxe6 fxe6 19. Ng5 Qe7 20. b4 e5 21. fxe5 Qxe5 22. Rxf8+ Rxf8 23. Re1 Be4 24. Nxe4 Nxe4 25. Nf3 Qc3 26. Qxc3 Bxc3 27. Rb1 Bg7 28. b5 Nc3 29. Rb3 axb5 30. cxb5 Rb8 31. b6 Rb7 32. Ra3 Nd1 33. Ra8+ 1-0

[Event "GRE-ch U16"]
[Site "Rio Achaia"]
[Date "2015.06.30"]
[Round "7.3"]
[White "Tsiros, Fragkiskos Vlasios"]
[Black "Kouskoutis, Georgios Alexandros"]
[Result "0-1"]
[WhiteElo "2230"]
[BlackElo "2058"]
[PlyCount "112"]
[EventDate "2015.06.26"]
[EventType "swiss"]
[EventRounds "9"]
[EventCountry "GRE"]
[SourceTitle "EXT 2024"]
[Source "ChessBase"]
[SourceDate "2023.10.10"]
[SourceVersion "1"]
[SourceVersionDate "2023.10.10"]
[SourceQuality "1"]

1. e4 c5 2. Nf3 g6 3. d4 cxd4 4. Nxd4 Bg7 5. c4 Nc6 6. Be3 Nf6 7. Nc3 0-0 8. Be2 d6 9. 0-0 Bd7 10. Qd2 Nxd4 11. Bxd4 Bc6 12. f3 Nd7 13. Bf2 a5 14. b3 Nc5 15. Rab1 Be5 16. Rfc1 e6 17. Bd1 f5 18. exf5 Rxf5 19. Ne2 Ne4 20. Qe3 Nxf2 21. Qxf2 Rf7 22. Nd4 Bd7 23. Bc2 Qb6 24. Rd1 Raf8 25. Rd2 Bf4 26. Re2 Be5 27. Rd1 g5 28. Nb5 Qxf2+ 29. Rxf2 Bxb5 30. cxb5 g4 31. h3 gxf3 32. Rxf3 Rxf3 33. gxf3 Rxf3 34. Be4 Rf7 35. Rc1 Bd4+ 36. Kg2 b6 37. Rc8+ Kg7 38. Re8 Kf6 39. Bf3 d5 40. Bh5 Re7 41. Rd8 Ke5 42. Bg4 Bc5 43. Kf3 Kd4 44. Ke2 e5 45. Bd7 e4 46. Bc6 Re5 47. Rd7 h6 48. Rd8 Be7 49. Rd7 Bg5 50. a3 Kc5 51. b4+ axb4 52. axb4+ Kc4 53. Rb7 d4 54. Rxb6 d3+ 55. Kd1 e3 56. Bf3 e2+ 0-1

[Event "GRE-ch U16"]
[Site "Rio Achaia"]
[Date "2015.06.29"]
[Round "6.2"]
[White "Tsaknakis, Zisis"]
[Black "Tsiros, Fragkiskos Vlasios"]
[Result "1/2-1/2"]
[WhiteElo "2235"]
[BlackElo "2230"]
[PlyCount "130"]
[EventDate "2015.06.26"]
[EventType "swiss"]
[EventRounds "9"]
[EventCountry "GRE"]
[SourceTitle "EXT 2024"]
[Source "ChessBase"]
[SourceDate "2023.10.10"]
[SourceVersion "1"]
[SourceVersionDate "2023.10.10"]
[SourceQuality "1"]

1. e4 c5 2. a3 b6 3. b4 Bb7 4. Nc3 cxb4 5. axb4 e6 6. Ba3 d6 7. Nf3 Nd7 8. Bd3 Ngf6 9. 0-0 Be7 10. Qe2 0-0 11. Ba6 Bxa6 12. Qxa6 Qc7 13. Qe2 Rfc8 14. b5 e5 15. Bb2 Nc5 16. d4 Ne6 17. dxe5 dxe5 18. Nd5 Nxd5 19. exd5 Nf4 20. Qxe5 Qxe5 21. Bxe5 Nxd5 22. Rfd1 Nf6 23. Nd4 Ng4 24. Nf5 Bf8 25. Bd4 g6 26. Ne3 Nxe3 27. Bxe3 Bc5 28. Bh6 Rc7 29. h3 Rac8 30. Rd3 Bf8 31. Be3 Be7 32. Ra4 Kg7 33. Bf4 Rb7 34. c4 Bc5 35. Be3 Bxe3 36. Rxe3 Kf6 37. g4 Rc5 38. Kg2 Rbc7 39. Re4 Kg5 40. Kg3 Rd7 41. Re8 Kf6 42. Ra8 Rcc7 43. Rh8 Kg7 44. Ra8 g5 45. h4 f6 46. hxg5 fxg5 47. Ra3 Rf7 48. Rf3 Rxf3+ 49. Kxf3 Kh6 50. Kg3 Rxc4 51. Rxa7 Rc3+ 52. f3 Rc5 53. Ra3 Rxb5 54. f4 gxf4+ 55. Kxf4 Kg6 56. Rd3 Rb4+ 57. Kf3 Rb1 58. Rd6+ Kg5 59. Rd5+ Kf6 60. Rd6+ Ke5 61. Rh6 Rb3+ 62. Ke2 Kf4 63. Rxh7 Kxg4 64. Kd2 Kf5 65. Kc2 Ke5 1/2-1/2

[Event "GRE-ch U16"]
[Site "Rio Achaia"]
[Date "2015.06.27"]
[Round "3.2"]
[White "Tsiros, Fragkiskos Vlasios"]
[Black "Alexiadis, Hristos"]
[Result "0-1"]
[WhiteElo "2230"]
[BlackElo "2333"]
[PlyCount "120"]
[EventDate "2015.06.26"]
[EventType "swiss"]
[EventRounds "9"]
[EventCountry "GRE"]
[SourceTitle "EXT 2024"]
[Source "ChessBase"]
[SourceDate "2023.10.10"]
[SourceVersion "1"]
[SourceVersionDate "2023.10.10"]
[SourceQuality "1"]

1. e4 c5 2. Nf3 d6 3. d4 cxd4 4. Nxd4 Nf6 5. Nc3 a6 6. Be2 e5 7. Nb3 Be7 8. 0-0 0-0 9. Be3 Be6 10. a4 Nbd7 11. Qd2 Rc8 12. Rfd1 h6 13. a5 Re8 14. f3 Qc7 15. Nc1 Nf8 16. Bb6 Qb8 17. N1a2 Ng6 18. Nb4 Nf4 19. Bf1 Ng6 20. Rac1 Bd8 21. Qf2 Ne7 22. Rd2 Nc6 23. Nxc6 Rxc6 24. Nd5 Bxd5 25. exd5 Rxb6 26. axb6 Nd7 27. Kh1 Bg5 28. Rcd1 Bxd2 29. Qxd2 Qd8 30. Bd3 Qxb6 31. b4 Nf6 32. c4 Rc8 33. Qe1 Kf8 34. Bf1 Re8 35. Bd3 Qd4 36. Be2 Qa7 37. Bd3 b6 38. Ra1 Qb7 39. Qe2 b5 40. cxb5 axb5 41. Bxb5 Rb8 42. Ra5 Nxd5 43. Qd2 Qc7 44. h3 Nc3 45. Bd3 Rxb4 46. Ra8+ Ke7 47. Qf2 Qc5 48. Qg3 Ne2 49. Qe1 Qc1 50. Ra7+ Ke6 51. Qxc1 Nxc1 52. Be4 Ne2 53. Kh2 Rb6 54. Bb7 Nf4 55. Bc8+ Kf6 56. Ra2 d5 57. Rd2 d4 58. g3 Nd5 59. f4 Ne3 60. fxe5+ Kxe5 0-1

[Event "World ol U16"]
[Site "Gyor"]
[Date "2014.12.19"]
[Round "8.3"]
[White "Kula, Dominik"]
[Black "Tsiros, Fragkiskos Vlasios"]
[Result "0-1"]
[WhiteElo "2018"]
[BlackElo "2147"]
[PlyCount "66"]
[EventDate "2014.12.13"]
[EventType "team-swiss"]
[EventRounds "10"]
[EventCountry "HUN"]
[SourceTitle "EXT 2016"]
[Source "ChessBase"]
[SourceDate "2015.10.08"]
[SourceVersion "1"]
[SourceVersionDate "2015.10.08"]
[SourceQuality "1"]
[WhiteTeam "Czech Republic"]
[BlackTeam "Greece"]
[WhiteTeamCountry "CZE"]
[BlackTeamCountry "GRE"]

1. e4 c5 2. Nf3 d6 3. d4 cxd4 4. Nxd4 Nf6 5. Nc3 a6 6. Bc4 e6 7. 0-0 Be7 8. Bb3 0-0 9. f4 Nbd7 10. Qf3 Nc5 11. f5 e5 12. Nde2 Nxb3 13. axb3 b5 14. Bg5 Bb7 15. Rfd1 Qb6+ 16. Be3 Qc6 17. Bg5 Qc7 18. Bxf6 Bxf6 19. Qd3 b4 20. Nd5 Bxd5 21. exd5 e4 22. Qxe4 Rfe8 23. Qd3 Bxb2 24. Ra2 Qc5+ 25. Kh1 Re3 26. Qd2 Rae8 27. Ng1 Bc3 28. Qf2 Re1 29. Rxe1 Rxe1 30. Rxa6 h6 31. Qxc5 dxc5 32. d6 Bd4 33. h3 Rxg1+ 0-1